| 000 | 00000nas 2200000zi 4500 |
| 001 | 9.921589 |
| 003 | CaOODSP |
| 005 | 20230411111554 |
| 006 | m o d f |
| 007 | cr cn||||||||| |
| 008 | 230411c20229999onc x mso||||f| a0eng|d |
| 040 | |aCaOODSP|beng|erda|cCaOODSP |
| 043 | |an-cn---|aa-cc--- |
| 086 | 1 |aXC2-441/2-1E-PDF |
| 110 | 1 |aCanada. |bParliament. |bHouse of Commons. |bSpecial Committee on the Canada-People's Republic of China Relationship, |eauthor, |eissuing body. |
| 245 | 10|aReport / |bSpecial Committee on the Canada–People’s Republic of China Relationship. |
| 264 | 1|aOttawa : |bHouse of Commons, |c2022- |
| 310 | |aIrregular |
| 336 | |atext|btxt|2rdacontent |
| 337 | |acomputer|bc|2rdamedia |
| 338 | |aonline resource|bcr|2rdacarrier |
| 362 | 1 |aBegan with : First report (December 2022). |
| 500 | |aIssued also in French under title: Rapport. |
| 588 | |aDescription based on : Second report (March 2023). |
| 588 | |aLatest issue consulted: Second report (March 2023). |
| 651 | 0|aCanada|xForeign relations|zChina. |
| 651 | 0|aChina|xForeign relations|zCanada. |
| 775 | 08|tRapport / |w(CaOODSP)9.921588 |